Microbes in motion 3 : CD- ROm for Macintosn and Windows ( Produced by EOLAS Interactive Knoweledge, Inc)

Gardado en:
Detalles Bibliográficos
Autor Principal: Delisle, Gloria
Formato: Libro
Idioma:Undetermined
Publicado: Dubuque, Iowa: McGraw- Hill 2002
Những chủ đề:
Các nhãn: Engadir etiqueta
Sen Etiquetas, Sexa o primeiro en etiquetar este rexistro!
Thư viện lưu trữ: Trung tâm Học liệu Trường Đại học Cần Thơ
LEADER 00585nam a2200193Ia 4500
001 CTU_118155
008 210402s9999 xx 000 0 und d
082 |a 579 
082 |b D354 
100 |a Delisle, Gloria 
245 0 |a Microbes in motion 3 : 
245 0 |b CD- ROm for Macintosn and Windows ( Produced by EOLAS Interactive Knoweledge, Inc) 
245 0 |c Gloria Delisle, Lewis Tomalty 
260 |a Dubuque, Iowa: 
260 |b McGraw- Hill 
260 |c 2002 
650 |a Microbes,Microorganism 
904 |i M.Loan 
980 |a Trung tâm Học liệu Trường Đại học Cần Thơ